000 00449 a2200133 4500
001 90976
082 _aPR 1781
090 _c43115
_d43115
100 _aJavairia Farooq; Pof Tauseef ur Rehman and Salman Aslam (Advisors)
245 _aSoftware Based Implementation of Super Resolution to Achieve Video Enhancement of (UAV) Downward Looking Camera
_n76th 'B' EC
260 _aRawalpindi
_bNUST
_c2014
300 _a81p
500 _aBE Project Reports
942 _aCAE NUST
_kPR 1781
999 _c326049
_d326049